[Event "Quebec-ch U14"]
[Site "Montreal CAN"]
[Date "2016.01.16"]
[Round "2"]
[White "Ouellet, Maili-Jade"]
[Black "Yang, Muyuan"]
[Result "1-0"]
[WhiteElo "2039"]
[BlackElo "1323"]
[PlyCount "53"]
[EventDate "2016.01.15"]
[EventType "tourn"]
[EventRounds "5"]
[EventCountry "CAN"]

1. d4 Nf6 2. c4 e6 3. Nc3 Bb4 4. Qc2 O-O 5. Nf3 b6 6. g3 Bb7 7. Bg2 d5 8. a3
Be7 9. cxd5 Nxd5 10. e4 Nxc3 11. bxc3 Ba6 12. Bb2 c5 13. Rd1 Qc7 14. Qd2 Nc6
15. Bf1 Bxf1 16. Kxf1 Rfd8 17. Kg2 Rac8 18. Rhe1 Na5 19. Qe2 c4 20. Ne5 b5 21.
f4 Qb7 22. Qf3 Nc6 23. d5 exd5 24. exd5 Nb8 25. Qe4 Rc5 26. Nc6 Re8 27. Nxe7+
1-0

[Event "Quebec-ch U14"]
[Site "Montreal CAN"]
[Date "2016.01.16"]
[Round "3"]
[White "Attouche, Mastan"]
[Black "Durette, Francis"]
[Result "0-1"]
[WhiteElo "1209"]
[BlackElo "1926"]
[PlyCount "72"]
[EventDate "2016.01.15"]
[EventType "tourn"]
[EventRounds "5"]
[EventCountry "CAN"]

1. e4 e5 2. Bc4 Nc6 3. Nf3 Bc5 4. Nc3 Nf6 5. d3 h6 6. O-O O-O 7. h3 d6 8. Re1
Be6 9. Bb3 Bxb3 10. axb3 Nd7 11. Ne2 Ne7 12. Ng3 f5 13. c3 f4 14. Nf1 Bb6 15.
d4 Nc6 16. b4 a6 17. Qb3+ Kh7 18. Rd1 Qe7 19. Qc4 exd4 20. Qd3 Nde5 21. Nxe5
Nxe5 22. Qc2 dxc3 23. bxc3 Qh4 24. Nh2 Kh8 25. Qe2 f3 26. Qf1 fxg2 27. Qxg2
Rxf2 28. Qxf2 Qxf2+ 29. Kh1 Nd3 30. Rf1 Qg3 31. Ra2 Nf2+ 32. Raxf2 Bxf2 33. Bd2
Rf8 34. Bc1 Rf6 35. Bb2 Rg6 36. Bc1 Qg1+ 0-1

[Event "Quebec-ch U14"]
[Site "Montreal CAN"]
[Date "2016.01.16"]
[Round "3"]
[White "Tinica, Gabriel"]
[Black "Ouellet, Maili-Jade"]
[Result "1-0"]
[WhiteElo "1578"]
[BlackElo "2039"]
[PlyCount "155"]
[EventDate "2016.01.15"]
[EventType "tourn"]
[EventRounds "5"]
[EventCountry "CAN"]

1. d4 d5 2. c4 e6 3. Nc3 Nf6 4. cxd5 exd5 5. Bg5 Be7 6. Qc2 O-O 7. e3 b6 8. Bd3
h6 9. Bf4 c5 10. Nf3 Bb7 11. O-O Nc6 12. b3 Nb4 13. Qd2 Nxd3 14. Qxd3 Rc8 15.
Ne5 c4 16. bxc4 dxc4 17. Qc2 a6 18. a4 Nd5 19. Nxd5 Qxd5 20. f3 b5 21. axb5
axb5 22. Rfd1 b4 23. e4 Qb5 24. Qa4 Qxa4 25. Rxa4 Bd6 26. Ng6 Bxf4 27. Nxf4 b3
28. Rb4 Rc7 29. d5 Rfc8 30. Ne2 Ba6 31. Nc3 Rb7 32. Rxb7 Bxb7 33. Kf2 Kf8 34.
Ke3 Ke8 35. Kd4 Kd8 36. Ra1 Kd7 37. Na4 Kd8 38. g3 Ba6 39. Nc3 Bb7 40. f4 Kd7
41. e5 Kd8 42. d6 Kd7 43. Ra4 Rb8 44. Rb4 Kc8 45. Rxc4+ Kd7 46. Rb4 Kc8 47.
Rxb3 Ra8 48. Rb2 Bc6 49. Nd5 Kd8 50. Kc5 Bd7 51. Ne7 Ra5+ 52. Kb6 Ra8 53. Nc6+
Ke8 54. Kb7 Rc8 55. Ra2 f6 56. Nb8 Rc4 57. Nxd7 Kxd7 58. Rd2 fxe5 59. fxe5 Re4
60. Rd5 Re2 61. Kb6 Re3 62. Kc5 Re4 63. g4 Ra4 64. Rd3 Ra5+ 65. Kd4 Ke6 66. Re3
Ra4+ 67. Kc5 Ra5+ 68. Kc6 Ra6+ 69. Kb7 Ra2 70. Rd3 Rb2+ 71. Kc8 Rc2+ 72. Kd8
Rxh2 73. d7 Rb2 74. Rc3 Rb8+ 75. Kc7 Rf8 76. d8=Q Rxd8 77. Kxd8 Kxe5 78. Rf3
1-0

[Event "Quebec-ch U14"]
[Site "Montreal CAN"]
[Date "2016.01.16"]
[Round "3"]
[White "Yang, Muyuan"]
[Black "Tsypin, Allison"]
[Result "1-0"]
[WhiteElo "1323"]
[BlackElo "1539"]
[PlyCount "115"]
[EventDate "2016.01.15"]
[EventType "tourn"]
[EventRounds "5"]
[EventCountry "CAN"]

1. e4 e5 2. Nf3 Nc6 3. Bb5 a6 4. Ba4 Nf6 5. O-O Be7 6. d3 b5 7. Bb3 d6 8. h3
O-O 9. c3 Na5 10. Bc2 c5 11. Re1 Qc7 12. d4 cxd4 13. cxd4 Bb7 14. Bg5 Nc4 15.
b3 Nb6 16. Nbd2 Rac8 17. Rc1 Qb8 18. Nf1 h6 19. Bd2 Bc6 20. Ng3 Bd7 21. Ba5 Bd8
22. Bd3 Bc7 23. Re2 Rfe8 24. Rec2 Qb7 25. Qe2 Qb8 26. a4 Na8 27. Bxc7 Rxc7 28.
axb5 Rxc2 29. Rxc2 axb5 30. dxe5 dxe5 31. Rc5 b4 32. Bb5 Qd6 33. Bxd7 Nxd7 34.
Rd5 Qe6 35. Qd2 Nf6 36. Rb5 Qxb3 37. Rxb4 Qe6 38. Qb2 Nc7 39. Rb6 Qc4 40. Nxe5
Qc5 41. Nd3 Qc4 42. e5 Nfd5 43. Rb3 Ne6 44. Nf5 Rd8 45. Nd6 Qc6 46. Nb4 Nxb4
47. Rxb4 Nc5 48. Rc4 Qd5 49. Qb5 Qd1+ 50. Kh2 Ne6 51. Rc8 Rf8 52. Rxf8+ Nxf8
53. Qb7 Qh5 54. Qd5 Qg6 55. f4 Qh5 56. f5 Qg5 57. Qxf7+ Kh7 58. Qc4 1-0

[Event "Quebec-ch U14"]
[Site "Montreal CAN"]
[Date "2016.01.17"]
[Round "4"]
[White "Ouellet, Maili-Jade"]
[Black "Attouche, Mastan"]
[Result "1-0"]
[WhiteElo "2039"]
[BlackElo "1209"]
[PlyCount "61"]
[EventDate "2016.01.15"]
[EventType "tourn"]
[EventRounds "5"]
[EventCountry "CAN"]

1. d4 d5 2. c4 e6 3. Nc3 Bb4 4. Nf3 Nc6 5. e3 Nf6 6. Qc2 Qe7 7. a3 Bxc3+ 8.
Qxc3 Nd7 9. b4 Nf6 10. Bb2 Ne4 11. Qc2 a6 12. Bd3 f5 13. O-O O-O 14. Ne5 Nxe5
15. dxe5 c6 16. Bd4 Qg5 17. f3 Ng3 18. hxg3 Qxg3 19. f4 Bd7 20. Rf3 Qh4 21. Rh3
Qd8 22. g4 g6 23. Qh2 Rf7 24. Qg2 Bc8 25. gxf5 exf5 26. e6 Bxe6 27. Qxg6+ Kf8
28. Bc5+ Re7 29. Qxe6 b6 30. Rg3 Ke8 31. Rg8# 1-0

[Event "Quebec-ch U14"]
[Site "Montreal CAN"]
[Date "2016.01.17"]
[Round "4"]
[White "Tsypin, Allison"]
[Black "Durette, Francis"]
[Result "0-1"]
[WhiteElo "1539"]
[BlackElo "1926"]
[PlyCount "220"]
[EventDate "2016.01.15"]
[EventType "tourn"]
[EventRounds "5"]
[EventCountry "CAN"]

1. e4 e5 2. Nf3 Nc6 3. Bc4 Bc5 4. b4 Bxb4 5. c3 Be7 6. d4 d6 7. Qb3 Na5 8.
Bxf7+ Kf8 9. Qa4 Kxf7 10. Qxa5 b6 11. Qa4 Bd7 12. Qb3+ Be6 13. d5 Bg4 14. c4 h6
15. Bb2 Nf6 16. Nbd2 Nd7 17. Qa3 Rf8 18. O-O Kg8 19. Qe3 Nc5 20. Rab1 Bxf3 21.
Nxf3 Rf4 22. Nd2 Bg5 23. Qe2 Qe8 24. f3 Qh5 25. Rfe1 Raf8 26. Nf1 Qe8 27. Bc1
R4f7 28. Bxg5 hxg5 29. Ne3 g6 30. Ng4 Rh7 31. Qe3 Rh5 32. Qa3 a5 33. Qe3 Qa4
34. Qe2 Na6 35. Rec1 Nb4 36. Rb2 Qa3 37. Rcb1 Kg7 38. Qe3 Qxe3+ 39. Nxe3 Nd3
40. Rd2 Nc5 41. Nf1 g4 42. Ng3 Rh4 43. Rf1 gxf3 44. gxf3 Rhf4 45. Kg2 R4f7 46.
Rdd1 Na4 47. Rd2 Nc5 48. Rdd1 Nd7 49. Rd2 Nf6 50. Rdd1 Rb8 51. a4 Nd7 52. Rd2
Nc5 53. Ra2 Rbf8 54. Ra3 Rf6 55. Ra2 Rf4 56. Ra3 R4f7 57. Ra2 Nd3 58. Ne2 Kh7
59. Rd2 Nc5 60. Nc3 Nb3 61. Rb2 Nd4 62. Rbf2 Kh6 63. Nb5 Nb3 64. Rb2 Nc5 65.
Nc3 Nd3 66. Rd2 Nf4+ 67. Kg3 g5 68. Ne2 Nxe2+ 69. Rxe2 Kh5 70. Rff2 Rf4 71. Kg2
Kh4 72. h3 Rh8 73. Re1 Kh5 74. Ref1 Kg6 75. Rh1 Kf7 76. Kg3 Ke7 77. Kg2 Rc8 78.
Kg3 c6 79. Rb1 cxd5 80. cxd5 Rc4 81. Ra1 Rb4 82. Rc2 Rb3 83. Rf2 Rxe4 84. Kg2
Rd4 85. Rc2 Rxd5 86. Rc7+ Kf6 87. Rh7 Rd2+ 88. Kg3 e4 89. Rf1 Rdd3 90. Rh6+ Kg7
91. Re6 exf3 92. Rf2 Ra3 93. Re7+ Kf6 94. Rb7 Rab3 95. Rb8 Re3 96. Rd8 Re6 97.
Rf8+ Kg7 98. R8xf3 Rxf3+ 99. Rxf3 Kg6 100. Rb3 d5 101. Rb5 Rd6 102. Kg4 Kf6
103. Kg3 d4 104. Rb1 d3 105. Rd1 d2 106. Kf2 Kg6 107. Ke2 Kh5 108. Rh1 d1=Q+
109. Rxd1 Rxd1 110. Kxd1 Kh4 0-1

[Event "Quebec-ch U14"]
[Site "Montreal CAN"]
[Date "2016.01.17"]
[Round "4"]
[White "Yang, Muyuan"]
[Black "Tinica, Gabriel"]
[Result "1/2-1/2"]
[WhiteElo "1323"]
[BlackElo "1578"]
[PlyCount "141"]
[EventDate "2016.01.15"]
[EventType "tourn"]
[EventRounds "5"]
[EventCountry "CAN"]

1. e4 c5 2. Nf3 d6 3. d4 cxd4 4. Nxd4 Nf6 5. Nc3 g6 6. Be3 Bg7 7. h3 Nc6 8. Nb3
Bd7 9. Bd3 O-O 10. Qd2 Rc8 11. O-O a6 12. Na4 b5 13. Nb6 Rb8 14. Nxd7 Nxd7 15.
c3 Nce5 16. Nd4 Qc7 17. b3 Nxd3 18. Qxd3 Nc5 19. Qc2 Qb7 20. f3 Rfc8 21. Rac1
a5 22. Qd2 a4 23. b4 Na6 24. Bh6 Bh8 25. Rfe1 Rc4 26. Be3 Rbc8 27. Rc2 Bxd4 28.
Bxd4 Nxb4 29. Rb2 Na6 30. Reb1 Nc7 31. Qe2 Qc6 32. Rb4 Rxb4 33. Rxb4 e5 34. Be3
Qxc3 35. Rb2 Qc6 36. Rc2 Qb7 37. Qd2 Ne8 38. Rxc8 Qxc8 39. Qb4 Qc6 40. Bh6 Qc5+
41. Qxc5 dxc5 42. Be3 c4 43. a3 Kg7 44. Kf2 Kf6 45. Ke2 Ke6 46. Kd2 Kd6 47. Kc3
Kc6 48. Kb4 Nd6 49. Kc3 f5 50. exf5 Nxf5 51. Bf2 Nd4 52. Bxd4 exd4+ 53. Kxd4 b4
54. axb4 a3 55. Kc3 a2 56. Kb2 Kb5 57. Kxa2 Kxb4 58. Kb2 Kc5 59. Kc3 Kd5 60. g4
h5 61. gxh5 gxh5 62. h4 Ke5 63. Kxc4 Kf4 64. Kd3 Kxf3 65. Kd2 Kg3 66. Ke2 Kxh4
67. Kf2 Kh3 68. Kg1 Kg3 69. Kh1 h4 70. Kg1 h3 71. Kh1 1/2-1/2

[Event "Quebec-ch U14"]
[Site "Montreal CAN"]
[Date "2016.01.17"]
[Round "5"]
[White "Attouche, Mastan"]
[Black "Yang, Muyuan"]
[Result "1-0"]
[WhiteElo "1209"]
[BlackElo "1323"]
[PlyCount "53"]
[EventDate "2016.01.15"]
[EventType "tourn"]
[EventRounds "5"]
[EventCountry "CAN"]

1. e4 c5 2. Nf3 e6 3. d4 cxd4 4. Nxd4 Qc7 5. b3 Nf6 6. Nd2 Qc3 7. Nb5 Qxa1 8.
Nc7+ Kd8 9. Nxa8 Bb4 10. Bd3 Qxa2 11. O-O Bd6 12. Nc4 Be7 13. Bf4 Nc6 14. Nc7
d5 15. exd5 Nxd5 16. Be4 Bd7 17. Nxd5 exd5 18. Bxd5 Kc8 19. Bxc6 Bxc6 20. Nd6+
Bxd6 21. Qxd6 Qa5 22. Qb8+ Kd7 23. Qxh8 Qd5 24. Qxg7 h6 25. Qg4+ f5 26. Qg7+
Kc8 27. Qc7# 1-0

[Event "Quebec-ch U14"]
[Site "Montreal CAN"]
[Date "2016.01.17"]
[Round "5"]
[White "Durette, Francis"]
[Black "Ouellet, Maili-Jade"]
[Result "0-1"]
[WhiteElo "1926"]
[BlackElo "2039"]
[PlyCount "104"]
[EventDate "2016.01.15"]
[EventType "tourn"]
[EventRounds "5"]
[EventCountry "CAN"]

1. e4 c5 2. Nf3 a6 3. d4 cxd4 4. Nxd4 e6 5. c4 Nf6 6. Nc3 d6 7. f3 Be7 8. Be3
Nbd7 9. Be2 Qc7 10. Qd2 b6 11. O-O Bb7 12. a3 O-O 13. Rac1 Rac8 14. b4 Rfe8 15.
Na4 Qb8 16. Nb2 Bd8 17. Rfe1 Bc7 18. g3 d5 19. exd5 exd5 20. Bf2 dxc4 21. Nxc4
b5 22. Nb2 Ne5 23. Rc3 Rcd8 24. Qc1 Nd5 25. Rb3 Nb6 26. Rc3 Nd5 27. Rb3 Bd6 28.
Nf5 Bf8 29. Qg5 Re6 30. Nd4 Rg6 31. Qc1 Be7 32. Kh1 h5 33. Bf1 Bg5 34. Qb1 Ng4
35. Qc2 Nde3 36. Bxe3 Bxe3 37. Rbxe3 Nxe3 38. Rxe3 Rxd4 39. Bd3 Rgd6 40. Qe2
Rd8 41. Kg1 Qc8 42. Kf2 Bc6 43. Kg1 g6 44. Qc2 R8d6 45. Re5 Qb7 46. Qc5 Rxd3
47. Nxd3 Rxd3 48. Re7 Bd7 49. Qf2 Qd5 50. Re1 Rxf3 51. Qb6 Bc6 52. Rc1 Rxg3+
0-1

[Event "Quebec-ch U14"]
[Site "Montreal CAN"]
[Date "2016.01.17"]
[Round "5"]
[White "Tinica, Gabriel"]
[Black "Tsypin, Allison"]
[Result "1-0"]
[WhiteElo "1578"]
[BlackElo "1539"]
[PlyCount "65"]
[EventDate "2016.01.15"]
[EventType "tourn"]
[EventRounds "5"]
[EventCountry "CAN"]

1. d4 Nf6 2. c4 c5 3. d5 b5 4. cxb5 a6 5. b6 Qxb6 6. Nc3 d6 7. a4 g6 8. a5 Qc7
9. e4 Bg7 10. f4 O-O 11. Nf3 Nbd7 12. Bc4 Rb8 13. Qd3 Qa7 14. O-O Qb7 15. Ra2
Rd8 16. Re1 Nf8 17. e5 Bf5 18. Qe2 Ng4 19. h3 Nh6 20. Bxa6 Qc7 21. Bc4 Ra8 22.
a6 Bc8 23. e6 f5 24. Bd2 Qb6 25. Kh2 Kh8 26. Rea1 Ng8 27. Ng5 Nh6 28. Be1 Kg8
29. Bb5 Ra7 30. Bc6 Qb4 31. Ra4 Qb6 32. Qb5 Qxb5 33. Nxb5 1-0

[Event "Quebec-ch U16"]
[Site "Montreal CAN"]
[Date "2016.01.15"]
[Round "1"]
[White "Johnson-Constantin, Matthieu"]
[Black "Fan, Run Kun"]
[Result "0-1"]
[WhiteElo "1712"]
[BlackElo "2070"]
[PlyCount "50"]
[EventDate "2016.01.15"]
[EventType "swiss"]
[EventRounds "5"]
[EventCountry "CAN"]

1. d4 d5 2. Bf4 Nf6 3. Nf3 e6 4. e3 Be7 5. h3 Nbd7 6. c4 b6 7. Nc3 c6 8. Rc1
Bb7 9. cxd5 exd5 10. Bd3 O-O 11. O-O Rc8 12. Qc2 c5 13. Ne5 g6 14. Bh6 Re8 15.
f4 cxd4 16. exd4 Ne4 17. Bxe4 dxe4 18. Qb3 Nxe5 19. fxe5 Qxd4+ 20. Kh1 Qc4 21.
Qxc4 Rxc4 22. Rf4 Bc5 23. Re1 Rxe5 24. Rd1 Rd4 25. Rc1 Rh5 0-1

[Event "Quebec-ch U16"]
[Site "Montreal CAN"]
[Date "2016.01.15"]
[Round "1"]
[White "Li, Yi Lin"]
[Black "Turgeon, Yoakim"]
[Result "1-0"]
[WhiteElo "1969"]
[BlackElo "1587"]
[PlyCount "51"]
[EventDate "2016.01.15"]
[EventType "swiss"]
[EventRounds "5"]
[EventCountry "CAN"]

1. e4 e5 2. Nf3 Nc6 3. Bb5 a6 4. Ba4 Nf6 5. O-O Be7 6. Re1 b5 7. Bb3 O-O 8. c3
d5 9. exd5 Nxd5 10. Nxe5 Nxe5 11. Rxe5 c6 12. Re1 Nf6 13. d4 Bd6 14. h3 Bc7 15.
Nd2 Bf5 16. Nf3 Qd6 17. Ne5 Nd5 18. Qh5 Bg6 19. Qf3 Rfe8 20. Bf4 Nxf4 21. Qxf4
a5 22. Bxf7+ Bxf7 23. Qxf7+ Kh8 24. Qb3 Re7 25. a3 Rae8 26. Nf7+ 1-0

[Event "Quebec-ch U16"]
[Site "Montreal CAN"]
[Date "2016.01.15"]
[Round "1"]
[White "Saine, Zachary"]
[Black "Democri, Fardin"]
[Result "1-0"]
[WhiteElo "1760"]
[BlackElo "1381"]
[PlyCount "83"]
[EventDate "2016.01.15"]
[EventType "swiss"]
[EventRounds "5"]
[EventCountry "CAN"]

1. e4 e5 2. Nf3 Nc6 3. Bc4 Nf6 4. d3 h6 5. O-O Bc5 6. Be3 Bb6 7. c3 O-O 8. Bb3
d5 9. Bxb6 axb6 10. exd5 Nxd5 11. Re1 Bg4 12. h3 Bxf3 13. Qxf3 Nf6 14. Nd2 Nd7
15. Bd5 Qf6 16. Qxf6 gxf6 17. g4 Ra5 18. Be4 Ne7 19. Nc4 Ra7 20. Bg2 b5 21. Na3
c6 22. d4 Ng6 23. Rad1 Nb6 24. d5 Nf4 25. dxc6 Nxg2 26. Kxg2 bxc6 27. Rd6 Na4
28. Rxc6 Nxb2 29. Nxb5 Rxa2 30. Rxf6 Kg7 31. Rf5 f6 32. Re2 Rb8 33. c4 Rba8 34.
Rd2 Nxc4 35. Rd7+ Kg6 36. Kg3 Ra1 37. h4 Rg1+ 38. Kf3 e4+ 39. Kf4 h5 40. gxh5+
Kh6 41. Rxf6+ Kxh5 42. Rh7# 1-0

[Event "Quebec-ch U16"]
[Site "Montreal CAN"]
[Date "2016.01.15"]
[Round "1"]
[White "Zhang, Evan"]
[Black "Saha, Ananda"]
[Result "0-1"]
[WhiteElo "1584"]
[BlackElo "1920"]
[PlyCount "136"]
[EventDate "2016.01.15"]
[EventType "swiss"]
[EventRounds "5"]
[EventCountry "CAN"]

1. e4 c5 2. Nf3 e6 3. c3 d5 4. exd5 exd5 5. Bb5+ Bd7 6. Bxd7+ Qxd7 7. O-O Nc6
8. d4 Bd6 9. Re1+ Nge7 10. Ne5 Bxe5 11. dxe5 O-O 12. f4 Rad8 13. Na3 a6 14. Be3
d4 15. cxd4 cxd4 16. Bf2 Ng6 17. g3 Qd5 18. b3 b5 19. Rc1 d3 20. Rc5 Qd7 21.
Qd2 Nd4 22. Qxd3 Qh3 23. Bxd4 Nxf4 24. Qf1 Rxd4 25. gxf4 Qg4+ 26. Qg2 Qxf4 27.
Rc2 Rfd8 28. Rf2 Qh4 29. Qf3 Qe7 30. Nc2 Rd3 31. Qf4 Qe6 32. Ref1 R8d7 33. Rg2
Qb6+ 34. Kh1 g6 35. Re1 Qb7 36. e6 fxe6 37. Rxe6 Rd1+ 38. Ne1 Qa8 39. Qe5 Qf3
40. Re8+ Kf7 41. Qe6+ Kg7 42. Qe5+ Kh6 43. Rg8 Rxe1+ 44. Qxe1 Rd1 45. Re8 Rxe1+
46. Rxe1 a5 47. Kg1 Qc3 48. Rf1 Kg7 49. Rgf2 h5 50. Rf7+ Kh6 51. R7f2 h4 52.
Rf3 Qd4+ 53. Kg2 g5 54. R1f2 Qe4 55. Kg1 Kh5 56. Rf5 Kg4 57. Rf6 h3 58. Rf7
Qb1+ 59. Rf1 Qxa2 60. R7f2 Qxb3 61. Re1 Qd5 62. Re3 b4 63. Rg3+ Kh4 64. Rf8
Qc5+ 65. Kh1 Qc1+ 66. Rg1 Qc6+ 67. Rf3 Qxf3+ 68. Rg2 Qxg2# 0-1

[Event "Quebec-ch U16"]
[Site "Montreal CAN"]
[Date "2016.01.16"]
[Round "2"]
[White "Democri, Fardin"]
[Black "Johnson-Constantin, Matthieu"]
[Result "0-1"]
[WhiteElo "1381"]
[BlackElo "1712"]
[PlyCount "44"]
[EventDate "2016.01.15"]
[EventType "swiss"]
[EventRounds "5"]
[EventCountry "CAN"]

1. e4 e6 2. d4 d5 3. exd5 exd5 4. Nf3 Nf6 5. c4 Bg4 6. h3 Bh5 7. Nc3 Nc6 8. Be2
dxc4 9. Qa4 Be7 10. Bg5 O-O 11. g4 Bg6 12. Bxc4 a6 13. Qd1 Nxg4 14. hxg4 Bxg5
15. Nxg5 Qxg5 16. Nd5 Rae8+ 17. Kf1 Re4 18. f4 Rxf4+ 19. Nxf4 Qxf4+ 20. Kg1
Qg3+ 21. Kf1 Be4 22. Rg1 Qf4+ 0-1

[Event "Quebec-ch U16"]
[Site "Montreal CAN"]
[Date "2016.01.16"]
[Round "2"]
[White "Fan, Run Kun"]
[Black "Saine, Zachary"]
[Result "1-0"]
[WhiteElo "2070"]
[BlackElo "1760"]
[PlyCount "52"]
[EventDate "2016.01.15"]
[EventType "swiss"]
[EventRounds "5"]
[EventCountry "CAN"]

1. c4 e6 2. Nf3 d5 3. g3 c6 4. d4 Nd7 5. Bg2 Bd6 6. Nc3 f5 7. b3 Ngf6 8. O-O
O-O 9. a4 Qe7 10. Bb2 a5 11. Qc1 Ne4 12. Nd2 Nxd2 13. Qxd2 b6 14. cxd5 cxd5 15.
Nxd5 exd5 16. Bxd5+ Kh8 17. Bxa8 f4 18. Bf3 Nf6 19. Qd3 Ng4 20. Qe4 Qd8 21. Ba3
Nxh2 22. Kxh2 Bf5 23. Qd5 fxg3+ 24. Kg2 Qh4 25. Rh1 Be4 26. Rxh4 Bxd5 1-0

[Event "Quebec-ch U16"]
[Site "Montreal CAN"]
[Date "2016.01.16"]
[Round "2"]
[White "Hua, Justin"]
[Black "Li, Yi Lin"]
[Result "0-1"]
[WhiteElo "1236"]
[BlackElo "1969"]
[PlyCount "66"]
[EventDate "2016.01.15"]
[EventType "swiss"]
[EventRounds "5"]
[EventCountry "CAN"]

1. e4 c5 2. Nf3 Nc6 3. Nc3 e5 4. d3 d6 5. Be3 g6 6. Qd2 Nd4 7. Be2 Bg7 8. Nd5
Be6 9. Bxd4 cxd4 10. Qb4 Bxd5 11. exd5 Qd7 12. c3 dxc3 13. bxc3 Ne7 14. Qb3 O-O
15. O-O Rac8 16. Nd2 Bh6 17. Ne4 f5 18. Ng3 Qc7 19. c4 Rb8 20. Rfe1 Nc8 21.
Rad1 Bg7 22. Bf1 Nb6 23. Rc1 Nd7 24. Ne2 Nc5 25. Qc3 e4 26. d4 Nd3 27. g3 Bh6
28. Nf4 Bxf4 29. Bxd3 Bxc1 30. Bxe4 fxe4 31. Rxc1 b6 32. c5 bxc5 33. dxc5 Qxc5
0-1

[Event "Quebec-ch U16"]
[Site "Montreal CAN"]
[Date "2016.01.16"]
[Round "2"]
[White "Saha, Ananda"]
[Black "Cai, Susan"]
[Result "1-0"]
[WhiteElo "1920"]
[BlackElo "1222"]
[PlyCount "67"]
[EventDate "2016.01.15"]
[EventType "swiss"]
[EventRounds "5"]
[EventCountry "CAN"]

1. d4 d5 2. c4 c6 3. Nf3 Nf6 4. Nc3 e6 5. e3 Bb4 6. Qc2 O-O 7. Bd3 c5 8. O-O
cxd4 9. exd4 dxc4 10. Bxc4 Bxc3 11. bxc3 Nc6 12. Bd3 Ne7 13. Rd1 Nf5 14. c4 Qd7
15. Bb2 b6 16. d5 Qe7 17. a4 Rd8 18. Re1 Nh6 19. Qc3 Bb7 20. Re5 Kh8 21. Rae1
Bc8 22. Rg5 a5 23. d6 Rxd6 24. Ba3 Bb7 25. Bxd6 Qxd6 26. Ne5 Rd8 27. Bf1 Rg8
28. Qg3 Qe7 29. Bd3 g6 30. Qf4 Nh5 31. Rxh5 gxh5 32. Qxh6 Rxg2+ 33. Kf1 Qc5 34.
Qxh7# 1-0

[Event "Quebec-ch U16"]
[Site "Montreal CAN"]
[Date "2016.01.16"]
[Round "2"]
[White "Turgeon, Yoakim"]
[Black "Zhang, Evan"]
[Result "1/2-1/2"]
[WhiteElo "1587"]
[BlackElo "1584"]
[PlyCount "73"]
[EventDate "2016.01.15"]
[EventType "swiss"]
[EventRounds "5"]
[EventCountry "CAN"]

1. d4 f5 2. e3 Nf6 3. Bd3 g6 4. Nd2 d5 5. f4 Nbd7 6. Ngf3 Bg7 7. O-O O-O 8. Ng5
Nb6 9. Qe1 Ne4 10. Ndf3 h6 11. Nh3 c5 12. c3 c4 13. Bc2 Nd7 14. Ne5 Nxe5 15.
fxe5 g5 16. Nf2 Bd7 17. Nh1 b5 18. Bxe4 dxe4 19. Qe2 Qb6 20. h3 Rf7 21. g4 e6
22. Ng3 Raf8 23. Rf2 Qc6 24. Bd2 Bc8 25. Raf1 a5 26. gxf5 exf5 27. Qh5 Qe6 28.
Qe2 Qg6 29. Qh5 Qe6 30. Kg2 Bb7 31. Kh2 Bc8 32. a3 Bd7 33. Bc1 Be8 34. Qe2 Bd7
35. Qh5 Bc8 36. Bd2 Qc6 37. h4 1/2-1/2

[Event "Quebec-ch U16"]
[Site "Montreal CAN"]
[Date "2016.01.16"]
[Round "3"]
[White "Cai, Susan"]
[Black "Turgeon, Yoakim"]
[Result "0-1"]
[WhiteElo "1222"]
[BlackElo "1587"]
[PlyCount "60"]
[EventDate "2016.01.15"]
[EventType "swiss"]
[EventRounds "5"]
[EventCountry "CAN"]

1. e4 e5 2. Nf3 Nc6 3. Bb5 a6 4. Bxc6 dxc6 5. Nxe5 Qd4 6. Ng4 Qxe4+ 7. Ne3 Be6
8. Nc3 Qh4 9. b3 Nf6 10. Qe2 O-O-O 11. Bb2 Bd6 12. O-O-O Rhe8 13. g3 Qg5 14. h4
Qg6 15. f4 Bg4 16. Qf2 Bxd1 17. Rxd1 Bc5 18. Na4 Ng4 19. Qg2 Nxe3 20. Qh3+ Kb8
21. d3 Nxd1 22. Kxd1 Bb4 23. Bc3 Bxc3 24. Nxc3 Qf6 25. Kd2 Qe7 26. Kc1 Qe3+ 27.
Kb2 b5 28. Qg2 b4 29. Nd1 Qd4+ 30. Kb1 Re1 0-1

[Event "Quebec-ch U16"]
[Site "Montreal CAN"]
[Date "2016.01.16"]
[Round "3"]
[White "Fan, Run Kun"]
[Black "Hua, Justin"]
[Result "1-0"]
[WhiteElo "2070"]
[BlackElo "1236"]
[PlyCount "103"]
[EventDate "2016.01.15"]
[EventType "swiss"]
[EventRounds "5"]
[EventCountry "CAN"]

1. c4 e5 2. Nc3 Nc6 3. g3 Nf6 4. Bg2 Bc5 5. Nf3 O-O 6. O-O d6 7. d3 h6 8. Na4
Re8 9. Nxc5 dxc5 10. b3 Nd4 11. Ba3 Qd6 12. e3 Nxf3+ 13. Bxf3 Rb8 14. Qc2 b6
15. Rfd1 Bg4 16. Bxg4 Nxg4 17. d4 exd4 18. exd4 Qf6 19. h3 Qf3 20. Rd3 Ne3 21.
fxe3 Rxe3 22. Rxe3 Qxe3+ 23. Qf2 Qxf2+ 24. Kxf2 cxd4 25. Rd1 c5 26. b4 Rc8 27.
bxc5 bxc5 28. Kf3 f5 29. Kf4 Kf7 30. Kxf5 g6+ 31. Ke5 Re8+ 32. Kd5 Re3 33. Bxc5
Rxg3 34. Bxd4 Rxh3 35. c5 Ke7 36. c6 Rf3 37. c7 Kd7 38. Be5 Rf8 39. Rb1 Rc8 40.
Rb8 g5 41. Rxc8 Kxc8 42. Ke4 h5 43. Kf5 h4 44. Kxg5 h3 45. Kg4 a5 46. Kxh3 Kd7
47. Kg3 Kc8 48. Kf3 a4 49. Ke3 Kd7 50. Kd4 a3 51. Kd5 Kc8 52. Kd6 1-0

[Event "Quebec-ch U16"]
[Site "Montreal CAN"]
[Date "2016.01.16"]
[Round "3"]
[White "Li, Yi Lin"]
[Black "Saha, Ananda"]
[Result "0-1"]
[WhiteElo "1969"]
[BlackElo "1920"]
[PlyCount "112"]
[EventDate "2016.01.15"]
[EventType "swiss"]
[EventRounds "5"]
[EventCountry "CAN"]

1. e4 c5 2. Nf3 e6 3. d4 cxd4 4. Nxd4 a6 5. Bd3 Bc5 6. Nb3 Ba7 7. O-O Ne7 8. e5
Nbc6 9. Bf4 Bb8 10. Re1 d6 11. exd6 Bxd6 12. Bxd6 Qxd6 13. Nc3 Qc7 14. Qg4 Ng6
15. Nd5 Qd8 16. Rad1 O-O 17. Nb4 Qf6 18. Nxc6 bxc6 19. c3 Rd8 20. Qa4 Bd7 21.
Nc5 Be8 22. Be4 Rxd1 23. Rxd1 Ne5 24. h3 g6 25. Qd4 Qf4 26. Qa4 g5 27. Bc2 Qxa4
28. Bxa4 Nc4 29. Bb3 Nb6 30. Ne4 h6 31. Nf6+ Kf8 32. Rd6 Rc8 33. Kf1 Ke7 34.
Nxe8 Kxe8 35. Ke2 Ke7 36. Rd3 c5 37. c4 a5 38. Rc3 Rd8 39. Bc2 Rd4 40. b3 f5
41. Rd3 Rxd3 42. Bxd3 Nd7 43. f3 Kd6 44. Bb1 Ke5 45. Ke3 Nb8 46. g3 f4+ 47.
gxf4+ gxf4+ 48. Kd2 Kd4 49. Bh7 Nd7 50. Bg8 e5 51. Bd5 Nf6 52. Bc6 e4 53. fxe4
Nxe4+ 54. Bxe4 Kxe4 55. Ke2 f3+ 56. Kf2 Kf4 0-1

[Event "Quebec-ch U16"]
[Site "Montreal CAN"]
[Date "2016.01.16"]
[Round "3"]
[White "Saine, Zachary"]
[Black "Johnson-Constantin, Matthieu"]
[Result "0-1"]
[WhiteElo "1760"]
[BlackElo "1712"]
[PlyCount "122"]
[EventDate "2016.01.15"]
[EventType "swiss"]
[EventRounds "5"]
[EventCountry "CAN"]

1. e4 c6 2. c4 d5 3. cxd5 cxd5 4. exd5 Nf6 5. d4 Nxd5 6. Nc3 Nxc3 7. bxc3 Qc7
8. c4 Bf5 9. Bd3 Bg6 10. Ne2 e6 11. O-O b6 12. Bb2 Bd6 13. h3 Nc6 14. a3 O-O
15. f4 Na5 16. Rc1 Rac8 17. c5 bxc5 18. f5 Bxf5 19. Bxf5 exf5 20. Rxf5 g6 21.
Rd5 c4 22. Rb5 a6 23. Rd5 Rfe8 24. Qc2 Nb3 25. Rf1 Qe7 26. Re5 Bxe5 27. dxe5
Qc5+ 28. Kh1 Qe3 29. Bc3 Red8 30. Rf6 Qd3 31. Qb2 Rb8 32. e6 fxe6 33. Nf4 Qf1+
34. Kh2 Rd1 35. Qc2 Qg1+ 36. Kg3 Qe3+ 37. Kh2 Rd3 38. Bb2 Nd2 39. Nxd3 Qxd3 40.
Qc1 Ne4 41. Rf3 Qd6+ 42. Kg1 Qb6+ 43. Kh2 Qxb2 44. Qf4 Qb7 45. Re3 Rc8 46. Rxe4
Qc7 47. Qxc7 Rxc7 48. Rxe6 c3 49. Re1 Kf7 50. Kg3 c2 51. Rc1 Ke6 52. Kf3 Kf5
53. Ke2 Kf4 54. Kf2 g5 55. g3+ Ke4 56. Ke2 h5 57. h4 g4 58. a4 a5 59. Kf2 Kd3
60. Ke1 Ke3 61. Kf1 Kd2 0-1